000 00361nam a2200121Ia 4500
008 190328s9999||||xx |||||||||||||| ||und||
082 _a341
_bSHE/I
100 _aSehgal, B. P. Singh
245 0 _aIssues and Challenges of Public International Law
260 _aNew Delhi
_bUniversal Law Publishing
650 _aInternation Law, Internation Trade Law
942 _cBK
999 _c4515
_d4515